| 000 | 00328nam a2200109Ia 4500 | ||
|---|---|---|---|
| 008 | 200302s9999 xx 000 0 und d | ||
| 100 | _aAlexander Withoff and others ed | ||
| 245 | _aMedia Architecture using information and media as construction material | ||
| 260 | _bWaltr De Gruyter Gmbh Berlin | ||
| 260 | _c2017 | ||
| 300 | _a210 | ||
| 999 |
_c6207 _d6207 |
||